000 00502nam a2200181Ia 4500
005 20250326141504.0
008 250326s9999 xx 000 0 und d
037 _aTextbook
040 _aFMSL
_beng
_cFMSL
041 _aeng
_2eng
084 _aX:87 M5
_qFMSL
100 _aKotter J P
_9742146
245 0 _aPower and influence : beyond formal authority
_cKotter J P
260 _aNew York
_bNew York, Free
_c1985
300 _a227p
942 _cTB
_hX:87 M5
999 _c1290534
_d1290534